[Event "IV Trofeo Giovanni Pico"]
[Site "Mirandola ITA"]
[Date "2011.01.16"]
[Round "4"]
[White "Scali, Fausto"]
[Black "Rosmini, Edward"]
[Result "1/2-1/2"]
[WhiteElo "1963"]
[BlackElo "1873"]
[PlyCount "77"]
[EventDate "2011.01.14"]

1. e4 c6 2. d4 d5 3. Nd2 dxe4 4. Nxe4 Bf5 5. Ng3 Bg6 6. h4 h6 7. Nf3 Nd7 8. h5
Bh7 9. Bd3 Bxd3 10. Qxd3 e6 11. Bd2 Ngf6 12. O-O-O Bd6 13. Ne4 Nxe4 14. Qxe4
Nf6 15. Qe2 Qc7 16. Kb1 O-O-O 17. c4 c5 18. Bc3 Qc6 19. Ne5 Bxe5 20. dxe5 Qe4+
21. Qc2 Rxd1+ 22. Rxd1 Qxc2+ 23. Kxc2 Nxh5 24. Bd2 g6 25. Rh1 Ng7 26. Rxh6 Rxh6
27. Bxh6 Nf5 28. Bf8 b6 29. a3 Kd7 30. g4 Nd4+ 31. Kc3 Nf3 32. Bg7 Nh2 33. g5
Ng4 34. f4 Ne3 35. Kd3 Nf5 36. Bf6 a5 37. b3 Nd4 38. b4 a4 39. b5 1/2-1/2

[Event "IV Trofeo Giovanni Pico"]
[Site "Mirandola ITA"]
[Date "2011.01.16"]
[Round "4"]
[White "Moi, Roberto"]
[Black "Dorati, Giuseppe"]
[Result "1-0"]
[WhiteElo "1934"]
[BlackElo "1811"]
[PlyCount "65"]
[EventDate "2011.01.14"]

1. e4 e6 2. d4 d5 3. Nc3 dxe4 4. Nxe4 Bd7 5. Nf3 Bc6 6. Bd3 Bxe4 7. Bxe4 c6 8.
O-O Nd7 9. c4 Ngf6 10. Bc2 Bd6 11. Re1 O-O 12. Bg5 h6 13. Bh4 Re8 14. Qd3 Qc7
15. c5 Be7 16. Ne5 Nf8 17. Qf3 Red8 18. Rad1 Rd5 19. Bb3 Rdd8 20. g4 b6 21.
Qxc6 Rac8 22. Qxc7 Rxc7 23. Bg3 Rcc8 24. c6 Bd6 25. Rc1 Bxe5 26. Bxe5 Nxg4 27.
c7 Rd7 28. Bg3 e5 29. h3 exd4 30. hxg4 d3 31. Rcd1 Rd4 32. Re7 Ne6 33. Rxe6 1-0

[Event "IV Trofeo Giovanni Pico"]
[Site "Mirandola ITA"]
[Date "2011.01.16"]
[Round "4"]
[White "Setti, Roberto"]
[Black "Garofalo, Sergio"]
[Result "1-0"]
[WhiteElo "1939"]
[BlackElo "1777"]
[PlyCount "71"]
[EventDate "2011.01.14"]

1. a3 Nf6 2. d4 g6 3. c4 Bg7 4. Nc3 O-O 5. e4 d6 6. Nf3 Bg4 7. Be2 Nbd7 8. O-O
c5 9. d5 Nb6 10. Qd3 Nfd7 11. Bf4 Bxf3 12. Bxf3 Ne5 13. Bxe5 Bxe5 14. Bg4 Nd7
15. f4 Bd4+ 16. Kh1 Nf6 17. Bh3 Nh5 18. Rab1 Ng7 19. Rfe1 e5 20. Ne2 Nh5 21.
Rf1 Nxf4 22. Nxf4 exf4 23. Rxf4 Qg5 24. Rff1 Rae8 25. b4 b6 26. bxc5 Bxc5 27.
Rf3 Re5 28. Rbf1 Qe7 29. Be6 Qh4 30. Rf4 Qh6 31. Rxf7 Rxf7 32. Rxf7 Rxe4 33.
Rf1+ Rxe6 34. dxe6 Qh4 35. Qf3 Qe7 36. Qa8+ 1-0

[Event "IV Trofeo Giovanni Pico"]
[Site "Mirandola ITA"]
[Date "2011.01.16"]
[Round "4"]
[White "Zuccaro, Guido"]
[Black "Ricci, Alfredo"]
[Result "0-1"]
[WhiteElo "1728"]
[BlackElo "1964"]
[PlyCount "62"]
[EventDate "2011.01.14"]

1. c4 Nf6 2. Nc3 g6 3. d4 d5 4. cxd5 Nxd5 5. e4 Nxc3 6. bxc3 c5 7. Bb5+ Bd7 8.
Bxd7+ Nxd7 9. Nf3 Bg7 10. Be3 Qa5 11. Qd3 cxd4 12. Bxd4 e5 13. Be3 Rc8 14. Bd2
Qa4 15. O-O O-O 16. Be3 Nc5 17. Bxc5 Rxc5 18. Rfb1 Qc6 19. Rb3 Rc8 20. g3 Rxc3
21. Qd5 Rxb3 22. axb3 Qc3 23. Qd1 a6 24. Kg2 Bf6 25. Rb1 Qc2 26. Qxc2 Rxc2 27.
Rd1 Rc3 28. Rd6 Kg7 29. Rb6 Rc7 30. Nd2 Bd8 31. Rd6 Be7 0-1

[Event "IV Trofeo Giovanni Pico"]
[Site "Mirandola ITA"]
[Date "2011.01.16"]
[Round "4"]
[White "Malago', Federico"]
[Black "Gabbriellini, Gianfranco"]
[Result "1-0"]
[WhiteElo "1960"]
[BlackElo "1527"]
[PlyCount "85"]
[EventDate "2011.01.14"]

1. e4 e5 2. Nf3 Nc6 3. d4 d5 4. exd5 Qxd5 5. Nc3 Bb4 6. Bd2 Bxc3 7. Bxc3 Bg4 8.
dxe5 Bxf3 9. Qxf3 Qxf3 10. gxf3 O-O-O 11. Bh3+ Kb8 12. O-O Nge7 13. Rfe1 Nd5
14. e6 fxe6 15. Bxe6 Nxc3 16. bxc3 Rhe8 17. Bf5 g6 18. Rxe8 Rxe8 19. Bd7 Re5
20. f4 Rc5 21. Re1 b6 22. Re8+ Kb7 23. Bc8+ Ka8 24. Ba6+ Nb8 25. c4 Rf5 26. Bb5
a6 27. Bc6+ Ka7 28. Be4 Rxf4 29. Re7 a5 30. Rxc7+ Ka6 31. Bb7+ Ka7 32. Bc8+ Ka8
33. Bh3 Na6 34. Bg2+ Kb8 35. Rb7+ Kc8 36. Rxh7 Nb4 37. Rg7 Rf6 38. a4 Nxc2 39.
Be4 Nd4 40. Rxg6 Rf4 41. Bd5 Kc7 42. Kg2 Nf5 43. Rc6+ 1-0

[Event "IV Trofeo Giovanni Pico"]
[Site "Mirandola ITA"]
[Date "2011.01.16"]
[Round "4"]
[White "Pomante, Sergio"]
[Black "Gurschler, Gregor"]
[Result "0-1"]
[WhiteElo "1644"]
[BlackElo "1930"]
[PlyCount "96"]
[EventDate "2011.01.14"]

1. e4 e5 2. Nf3 Nf6 3. Nxe5 d6 4. Nf3 Nxe4 5. d4 d5 6. Bd3 Bd6 7. O-O O-O 8.
Re1 Re8 9. Nbd2 f5 10. c4 c6 11. Qb3 Kh8 12. g3 Bc7 13. c5 Nd7 14. Nh4 Qf6 15.
Ndf3 h6 16. Qb4 g5 17. Ng2 b5 18. Qb3 a5 19. Qc2 Ba6 20. b3 Re7 21. Bb2 Rae8
22. a4 Rb8 23. Nd2 g4 24. Nxe4 fxe4 25. Bxe4 dxe4 26. d5 Be5 27. Bxe5 Qxe5 28.
d6 Ree8 29. axb5 Rxb5 30. b4 Rxb4 31. Rxa5 Rb2 32. Qc1 Qf6 33. Nf4 Bb5 34. Ra7
Ne5 35. Re3 Nf3+ 36. Rxf3 exf3 37. Ng6+ Kg8 38. Ne7+ Rxe7 39. dxe7 Kf7 40.
e8=Q+ Kxe8 41. Qe1+ Re2 42. Ra8+ Kf7 43. Ra7+ Kg6 44. Qb1+ Kh5 45. h4 Qe5 46.
Qh7 Re1+ 47. Kh2 Rh1+ 48. Kxh1 Qe1+ 0-1

[Event "IV Trofeo Giovanni Pico"]
[Site "Mirandola ITA"]
[Date "2011.01.16"]
[Round "4"]
[White "Ballista, Massimiliano"]
[Black "Porpora, Ivano"]
[Result "0-1"]
[WhiteElo "1611"]
[BlackElo "1884"]
[PlyCount "100"]
[EventDate "2011.01.14"]

1. e4 g6 2. d4 Bg7 3. Nc3 d6 4. Nf3 Nf6 5. Be2 Nc6 6. Bf4 O-O 7. O-O Nh5 8. Be3
Nf6 9. Bf4 Bg4 10. h3 Bxf3 11. Bxf3 e5 12. dxe5 dxe5 13. Be3 Nd4 14. Bxd4 exd4
15. Ne2 Qe8 16. Qxd4 Qb5 17. a4 Qb6 18. Qd3 Qe6 19. b3 Nd7 20. Rad1 Ne5 21. Qe3
Nxf3+ 22. Qxf3 Rfe8 23. Ng3 Be5 24. Rfe1 Qc6 25. Re2 Re6 26. Rde1 Rae8 27. Kh2
h5 28. Kg1 Qd6 29. Nf1 Rf6 30. Qd3 Qb6 31. Ne3 Bd4 32. Kh1 Bxe3 33. Qxe3 Qxe3
34. Rxe3 Rxf2 35. R3e2 Rxe2 36. Rxe2 f5 37. e5 Rd8 38. Kg1 Kf7 39. Kf2 Ke6 40.
Kf3 g5 41. c4 Rd3+ 42. Re3 Rxe3+ 43. Kxe3 Kxe5 44. b4 h4 45. a5 b6 46. a6 c6
47. b5 c5 48. Kf3 Kd4 49. g4 f4 50. Kf2 Kxc4 0-1

[Event "IV Trofeo Giovanni Pico"]
[Site "Mirandola ITA"]
[Date "2011.01.16"]
[Round "4"]
[White "Necesito, Donald"]
[Black "Baroni, Alessandro"]
[Result "0-1"]
[WhiteElo "1437"]
[BlackElo "1847"]
[PlyCount "54"]
[EventDate "2011.01.14"]

1. e4 e6 2. d4 d5 3. Nd2 dxe4 4. Nxe4 Nd7 5. Nf3 Ngf6 6. Ng3 c5 7. c3 Qb6 8.
Rb1 cxd4 9. Nxd4 Bc5 10. Be3 Nd5 11. Bb5 Nxe3 12. Bxd7+ Bxd7 13. fxe3 e5 14. b4
Bxd4 15. cxd4 O-O 16. O-O exd4 17. exd4 Be6 18. Rb2 Rad8 19. Rf4 Rd7 20. Kh1
Rfd8 21. Rd2 Qxb4 22. Ne4 h6 23. d5 Rxd5 24. Nf6+ gxf6 25. Rxd5 Rxd5 26. Qc1
Rd1+ 27. Qxd1 Qxf4 0-1

[Event "IV Trofeo Giovanni Pico"]
[Site "Mirandola ITA"]
[Date "2011.01.16"]
[Round "4"]
[White "Solinas, Roberto"]
[Black "Minelli, Giancarlo"]
[Result "1-0"]
[WhiteElo "1740"]
[BlackElo "1401"]
[PlyCount "48"]
[EventDate "2011.01.14"]

1. d4 d5 2. Nf3 Nc6 3. e3 a6 4. c3 e6 5. Bd3 Bd6 6. Nbd2 Bd7 7. Qe2 Nf6 8. O-O
Qe7 9. e4 e5 10. Re1 Bg4 11. exd5 Nxd5 12. Ne4 O-O-O 13. Nxd6+ Qxd6 14. h3 Bh5
15. Bf5+ Kb8 16. dxe5 Bxf3 17. exd6 Bxe2 18. dxc7+ Nxc7 19. Rxe2 Rd1+ 20. Kh2
g6 21. Bc2 Rf1 22. Rb1 Re8 23. Rxe8+ Nxe8 24. Bf4+ Nc7 1-0

[Event "IV Trofeo Giovanni Pico"]
[Site "Mirandola ITA"]
[Date "2011.01.16"]
[Round "4"]
[White "Raisi, Michele"]
[Black "Pavesi, Paolo"]
[Result "0-1"]
[WhiteElo "1525"]
[BlackElo "1440"]
[PlyCount "134"]
[EventDate "2011.01.14"]

1. e4 e5 2. Nf3 Nc6 3. Bc4 d6 4. c3 Be6 5. Bxe6 fxe6 6. d4 exd4 7. cxd4 Qd7 8.
O-O O-O-O 9. Be3 d5 10. exd5 exd5 11. Nc3 Na5 12. Ne5 Qe6 13. Qa4 b6 14. b4 Bd6
15. bxa5 Bxe5 16. dxe5 Qxe5 17. Nb5 Kb8 18. axb6 axb6 19. Nd4 Ne7 20. Rab1 Kb7
21. Nb5 Ra8 22. Qc2 Rhf8 23. Nd4 Ra3 24. Rb3 Rxb3 25. axb3 Nf5 26. Qc6+ Kb8 27.
Nxf5 Rxf5 28. b4 Rh5 29. h3 g5 30. Qc1 d4 31. f4 Qxe3+ 32. Qxe3 dxe3 33. f5 Rh6
34. f6 e2 35. Re1 Rxf6 36. Rxe2 Rf4 37. b5 Rb4 38. Re5 h6 39. Rd5 Rc4 40. Kf2
Kb7 41. Ke3 Rc5 42. Kd4 Rc2 43. g3 Rg2 44. Ke4 Rxg3 45. Kf5 Rxh3 46. Kg4 Rh1
47. Re5 Rg1+ 48. Kh5 Rh1+ 49. Kg4 Rh4+ 50. Kg3 Kc8 51. Rd5 Rc4 52. Rf5 Rc5 53.
Rf6 h5 54. Rh6 h4+ 55. Kg4 Rxb5 56. Rc6 Kb7 57. Rc1 Rc5 58. Rf1 b5 59. Kh3 Kb6
60. Rb1 Rc4 61. Kg2 Kc5 62. Kf3 b4 63. Ke3 g4 64. Kf2 Rc3 65. Ke2 Kc4 66. Rg1
g3 67. Kf1 Rc1+ 0-1

[Event "IV Trofeo Giovanni Pico"]
[Site "Mirandola ITA"]
[Date "2011.01.16"]
[Round "4"]
[White "Santamato, Luigi"]
[Black "Ombasic, Dzemil"]
[Result "1-0"]
[WhiteElo "1651"]
[BlackElo "1730"]
[PlyCount "57"]
[EventDate "2011.01.14"]

1. e4 e5 2. Nc3 Nc6 3. Bc4 Bc5 4. d3 d6 5. Nge2 Be6 6. Nd5 Nf6 7. Bg5 Bxf2+ 8.
Kxf2 Nxe4+ 9. dxe4 Qxg5 10. Nxc7+ Kd8 11. Qxd6+ Kc8 12. Bxe6+ fxe6 13. Nxe6 Qe7
14. Qxe7 Nxe7 15. Rad1 a5 16. Rd6 g6 17. Rhd1 Kb8 18. Rd8+ Rxd8 19. Rxd8+ Ka7
20. Rxa8+ Kxa8 21. Ng5 Nc6 22. a3 h6 23. Nf7 b5 24. c3 b4 25. axb4 axb4 26.
cxb4 Nxb4 27. Nxe5 Kb7 28. Ke3 g5 29. Nf7 1-0

[Event "IV Trofeo Giovanni Pico"]
[Site "Mirandola ITA"]
[Date "2011.01.16"]
[Round "5"]
[White "Xia, Jie"]
[Black "Drei, Andrea"]
[Result "1-0"]
[WhiteElo "2198"]
[BlackElo "2266"]
[PlyCount "103"]
[EventDate "2011.01.14"]

1. d4 Nf6 2. Nf3 c5 3. e3 g6 4. Bd3 Bg7 5. O-O O-O 6. b3 d5 7. h3 Nc6 8. Bb2
cxd4 9. exd4 Nb4 10. Be2 Bf5 11. Na3 Rc8 12. c3 Nc6 13. c4 a6 14. Ne5 Be6 15.
Nxc6 Rxc6 16. Rc1 Ne4 17. cxd5 Bxd5 18. Nc4 Qc8 19. Nb6 Qd8 20. Nxd5 Qxd5 21.
Rxc6 Qxc6 22. Bf3 Rd8 23. Qe2 f5 24. Rc1 Qe6 25. Bxe4 fxe4 26. Qc4 Qxc4 27.
Rxc4 Kf7 28. Kf1 b5 29. Rc6 Rd6 30. Rc8 Bxd4 31. Bxd4 Rxd4 32. Ke2 Ke6 33. Rh8
h5 34. Rg8 Kf7 35. Ra8 Rd6 36. Ke3 Rf6 37. Rc8 Ke6 38. a4 bxa4 39. bxa4 Kd5 40.
Re8 Re6 41. g4 hxg4 42. hxg4 Ke5 43. Rc8 Rd6 44. Rc5+ Rd5 45. Rc6 Rd3+ 46. Ke2
Rd6 47. Rc7 e6 48. Rg7 Rd4 49. Rxg6 Rxa4 50. Rg8 Rc4 51. Ke3 Rc3+ 52. Ke2 1-0

[Event "IV Trofeo Giovanni Pico"]
[Site "Mirandola ITA"]
[Date "2011.01.16"]
[Round "5"]
[White "Malfagia, Andrea"]
[Black "Basso, Pier Luigi"]
[Result "1-0"]
[WhiteElo "2286"]
[BlackElo "1981"]
[PlyCount "109"]
[EventDate "2011.01.14"]

1. d4 d5 2. Nf3 Nf6 3. c4 e6 4. g3 b6 5. Bg2 Bb7 6. Ne5 Nbd7 7. Qa4 c5 8. Bg5
h6 9. Bxf6 gxf6 10. Nxd7 Qxd7 11. Qxd7+ Kxd7 12. dxc5 Bxc5 13. O-O Kc7 14. cxd5
Bxd5 15. Bxd5 exd5 16. Nc3 Kc6 17. Rac1 a5 18. Rfd1 Rhd8 19. e3 Rd7 20. Ne2 Kd6
21. Rc4 Kc6 22. Rh4 Rh8 23. a3 b5 24. Rh5 Re8 25. Nf4 d4 26. Rc1 Re5 27. Rxe5
fxe5 28. Nd3 Kb6 29. Nxc5 Rd5 30. exd4 Rxd4 31. Kf1 Rd2 32. b4 axb4 33. axb4
Rd4 34. Rb1 h5 35. Ke2 h4 36. gxh4 Rxh4 37. Rb3 Kc6 38. h3 Kd5 39. Rd3+ Kc4 40.
Re3 Kd5 41. Nd3 e4 42. Ne1 f5 43. Rc3 e3 44. Rc5+ Ke6 45. Rxb5 exf2 46. Ng2 Rc4
47. Kxf2 f4 48. h4 Kd6 49. Kf3 Rd4 50. Nxf4 Kc6 51. Rb8 Rd6 52. Re8 Kb5 53. Re4
Rd1 54. Kg4 Rg1+ 55. Kf5 1-0

[Event "IV Trofeo Giovanni Pico"]
[Site "Mirandola ITA"]
[Date "2011.01.16"]
[Round "5"]
[White "Guanciale, Orazio"]
[Black "Di Trapani, Davide"]
[Result "0-1"]
[WhiteElo "2193"]
[BlackElo "1994"]
[PlyCount "104"]
[EventDate "2011.01.14"]

1. e4 e5 2. f4 exf4 3. Bc4 Nf6 4. Nc3 c6 5. Bb3 d5 6. exd5 cxd5 7. d4 Bb4 8.
Nge2 f3 9. gxf3 O-O 10. Bg5 Re8 11. O-O Be6 12. Qd3 Be7 13. Nf4 Nc6 14. Rae1
Qd7 15. Nxe6 fxe6 16. Re2 Rac8 17. Rfe1 Nxd4 18. Rg2 Nxb3 19. axb3 Nh5 20. Kh1
Bxg5 21. Rxg5 Nf6 22. Qd4 Kh8 23. Qxa7 d4 24. Nb5 e5 25. c4 Qc6 26. Rgxe5 Qxf3+
27. Kg1 Rxe5 28. Rxe5 Ng4 29. Qxd4 Nxe5 30. Qxe5 Rd8 31. Nc3 h6 32. Qg3 Qxg3+
33. hxg3 Rd2 34. Na4 Kh7 35. b4 b5 36. cxb5 Rd4 37. Kf2 Rxb4 38. Nc3 Rxb2+ 39.
Ke3 Kg6 40. Kd4 Kf7 41. Kc5 Ke7 42. Nd5+ Kd7 43. b6 Kc8 44. Kc6 g5 45. Nf6 Rc2+
46. Kd6 Re2 47. g4 Kb7 48. Ng8 h5 49. gxh5 g4 50. h6 g3 51. Nf6 Rh2 52. Ne4
Rxh6+ 0-1

[Event "IV Trofeo Giovanni Pico"]
[Site "Mirandola ITA"]
[Date "2011.01.16"]
[Round "5"]
[White "Camerini, Lorenzo"]
[Black "Cocuzzi, Edoardo"]
[Result "1-0"]
[WhiteElo "2111"]
[BlackElo "1967"]
[PlyCount "109"]
[EventDate "2011.01.14"]

1. d4 d5 2. c4 e6 3. Nc3 Nf6 4. cxd5 exd5 5. Bg5 c6 6. e3 Nbd7 7. Bd3 h6 8. Bh4
Bd6 9. Nge2 Qc7 10. Bg3 Bxg3 11. Nxg3 O-O 12. O-O Re8 13. Qc2 a6 14. Rae1 Nf8
15. f3 Be6 16. Kh1 Rac8 17. Na4 b5 18. Nc5 N6d7 19. Nxa6 Qa5 20. Nc5 Nxc5 21.
dxc5 Nd7 22. Ne2 b4 23. Rc1 Ne5 24. Nd4 Nxd3 25. Qxd3 Qxa2 26. Qd2 Qa6 27. Qxb4
Rb8 28. Qc3 Bd7 29. b4 Qc4 30. Qxc4 dxc4 31. Nc2 Bf5 32. e4 Be6 33. Rfd1 Red8
34. Rd6 Rxd6 35. cxd6 f5 36. Nd4 Kf7 37. Nxc6 Rb6 38. Nd4 Kf6 39. Nxe6 Kxe6 40.
exf5+ Kxf5 41. Rxc4 Rxd6 42. Kg1 Rd1+ 43. Kf2 Rd2+ 44. Kg3 g5 45. h4 Rb2 46.
hxg5 hxg5 47. Rc5+ Kg6 48. b5 Rb4 49. Rc6+ Kf5 50. b6 Ke5 51. Kf2 Rb2+ 52. Ke3
Rxg2 53. Rc5+ Kd6 54. Rb5 Kc6 55. b7 1-0

[Event "IV Trofeo Giovanni Pico"]
[Site "Mirandola ITA"]
[Date "2011.01.16"]
[Round "5"]
[White "Caldonazzo, Matteo"]
[Black "Vincenzi, Marco"]
[Result "0-1"]
[WhiteElo "1914"]
[BlackElo "2091"]
[PlyCount "92"]
[EventDate "2011.01.14"]

1. Nf3 Nf6 2. d4 c5 3. e3 g6 4. Nbd2 Bg7 5. Bd3 O-O 6. O-O d6 7. b3 cxd4 8.
exd4 Nd5 9. c4 Nf4 10. Bc2 Bg4 11. Bb2 Nc6 12. h3 Bxh3 13. gxh3 Qd7 14. Rb1
Qxh3 15. Ne1 Bxd4 16. Be4 Bxb2 17. Rxb2 Ne5 18. Bg2 Nxg2 19. Nxg2 Ng4 20. Nf3
e5 21. Qxd6 Qxf3 22. Qd5 Qh3 23. Rd1 Rad8 24. Qxd8 Rxd8 25. Rxd8+ Kg7 26. Ne1
Qh2+ 27. Kf1 Qh3+ 28. Kg1 e4 29. Rdd2 Ne5 30. Rd5 f6 31. Rxe5 fxe5 32. Re2 Qg4+
33. Kf1 h5 34. b4 h4 35. Re3 Kf6 36. c5 Ke6 37. f3 exf3 38. Nxf3 Qc4+ 39. Kg1
Qg4+ 40. Kf2 Qg3+ 41. Kf1 Kd5 42. Rxe5+ Qxe5 43. Nxe5 Kxe5 44. Kg2 a5 45. c6
bxc6 46. bxa5 Kd6 0-1

[Event "IV Trofeo Giovanni Pico"]
[Site "Mirandola ITA"]
[Date "2011.01.16"]
[Round "5"]
[White "Chiaretti, Roberto"]
[Black "Moi, Roberto"]
[Result "1-0"]
[WhiteElo "2205"]
[BlackElo "1934"]
[PlyCount "67"]
[EventDate "2011.01.14"]

1. e4 c5 2. Nf3 Nf6 3. Nc3 d6 4. d4 cxd4 5. Qxd4 Bd7 6. Bg5 Nc6 7. Qd2 e6 8.
Bb5 Rc8 9. O-O-O a6 10. Bxc6 Bxc6 11. Rhe1 Be7 12. Nd4 Bd7 13. f4 O-O 14. g4 b5
15. Bxf6 Bxf6 16. g5 Be7 17. h4 b4 18. Nce2 Qa5 19. Kb1 Qb6 20. f5 e5 21. Nf3
f6 22. Ng3 Be8 23. h5 fxg5 24. Nxg5 Bxg5 25. Qxg5 h6 26. Qg4 Rf6 27. Nf1 Qc5
28. Ne3 Bc6 29. Re2 Qb5 30. Red2 Qb7 31. Rxd6 Rxd6 32. Rxd6 Bxe4 33. f6 Bf3 34.
Qe6+ 1-0

[Event "IV Trofeo Giovanni Pico"]
[Site "Mirandola ITA"]
[Date "2011.01.16"]
[Round "5"]
[White "Modena, Giorgio"]
[Black "Campini, Marco"]
[Result "0-1"]
[WhiteElo "1938"]
[BlackElo "2086"]
[PlyCount "82"]
[EventDate "2011.01.14"]

1. e4 c5 2. Nf3 d6 3. d4 cxd4 4. Nxd4 Nf6 5. Nc3 a6 6. Bg5 e6 7. f4 Qc7 8. Bd3
Be7 9. Qf3 Nbd7 10. O-O-O Rb8 11. g4 b5 12. Nce2 Bb7 13. Ng3 Nc5 14. Rhe1 Nxd3+
15. Rxd3 b4 16. Kb1 Rc8 17. Rd2 h6 18. Bxf6 Bxf6 19. Qf2 Bh4 20. Nf3 Be7 21. f5
Qc5 22. Qxc5 Rxc5 23. h4 Kd7 24. Red1 Rhc8 25. g5 exf5 26. Nxf5 Rxf5 27. exf5
Bxf3 28. Rf1 Bh5 29. f6 gxf6 30. gxf6 Bd8 31. Rf4 a5 32. Rfd4 Rc6 33. Rd5 Bf3
34. Rf5 Bg4 35. Rf4 h5 36. a3 bxa3 37. bxa3 Bb6 38. Re4 Bd8 39. Rf2 Rc5 40. Kb2
Bf5 41. Ref4 Bxf6+ 0-1

[Event "IV Trofeo Giovanni Pico"]
[Site "Mirandola ITA"]
[Date "2011.01.16"]
[Round "5"]
[White "Sasdelli, Massimo"]
[Black "La Venia, Stefano"]
[Result "1/2-1/2"]
[WhiteElo "1897"]
[BlackElo "2041"]
[PlyCount "77"]
[EventDate "2011.01.14"]

1. Nf3 Nf6 2. c4 c5 3. Nc3 e6 4. g3 b6 5. Bg2 Bb7 6. O-O Be7 7. d3 O-O 8. Qc2
Nc6 9. h3 d6 10. Kh2 Qc7 11. b3 Rad8 12. Bb2 Nh5 13. Rad1 f5 14. e3 g5 15. Rg1
g4 16. hxg4 fxg4 17. Ne1 Bf6 18. Rh1 Ng7 19. Kg1 Qf7 20. Rd2 Nf5 21. Ne4 Bxb2
22. Qxb2 e5 23. Ng5 Qg6 24. Bd5+ Kh8 25. Ne6 Qf6 26. Kg2 Nce7 27. Nxf8 Nxd5 28.
cxd5 Rxf8 29. e4 Nd4 30. Qc1 Ba6 31. Qd1 Qg5 32. Rh4 h5 33. Rb2 Kg7 34. Qd2 Qg6
35. a3 Rh8 36. Qd1 Qf6 37. Rd2 Kg6 38. Rb2 Rf8 39. Rd2 1/2-1/2

[Event "IV Trofeo Giovanni Pico"]
[Site "Mirandola ITA"]
[Date "2011.01.16"]
[Round "5"]
[White "Dionigi, Riccardo"]
[Black "Guaragno, Michele"]
[Result "1-0"]
[WhiteElo "1818"]
[BlackElo "1965"]
[PlyCount "83"]
[EventDate "2011.01.14"]

1. d4 d5 2. c4 c6 3. Nc3 Nf6 4. Nf3 h6 5. e3 Bg4 6. Qb3 Bc8 7. cxd5 Nxd5 8.
Nxd5 Qxd5 9. Bc4 Qh5 10. Ne5 e6 11. O-O Bd6 12. f4 b5 13. Bd3 O-O 14. Qc2 Bxe5
15. fxe5 a5 16. Bd2 Bb7 17. Rf2 Nd7 18. Raf1 f5 19. e4 fxe4 20. Bxe4 Rxf2 21.
Rxf2 Rc8 22. Bg6 Qg4 23. Rf4 Qe2 24. Bf7+ Kh8 25. Bxe6 Rf8 26. Rxf8+ Nxf8 27.
Bh3 c5 28. dxc5 Be4 29. Qc1 Bd3 30. c6 b4 31. c7 Ba6 32. c8=Q Bxc8 33. Bxc8
Qxe5 34. h3 Nh7 35. Bg4 Nf6 36. Qc8+ Kh7 37. Qf5+ Qxf5 38. Bxf5+ g6 39. Bc2 Nd5
40. a3 Kg7 41. axb4 axb4 42. Bb3 1-0

[Event "IV Trofeo Giovanni Pico"]
[Site "Mirandola ITA"]
[Date "2011.01.16"]
[Round "5"]
[White "Ricci, Alfredo"]
[Black "Molinari, Enzo"]
[Result "1-0"]
[WhiteElo "1964"]
[BlackElo "1491"]
[PlyCount "55"]
[EventDate "2011.01.14"]

1. e4 c5 2. Nf3 d6 3. d4 cxd4 4. c3 dxc3 5. Nxc3 Nc6 6. Bc4 e6 7. O-O Nf6 8.
Qe2 Qc7 9. Nb5 Qb8 10. Bf4 a6 11. Bxd6 Bxd6 12. Nxd6+ Qxd6 13. e5 Nxe5 14. Nxe5
O-O 15. Rfd1 Qb6 16. Bb3 h6 17. Rd3 Rd8 18. Rad1 Rxd3 19. Qxd3 Qc7 20. Qd8+
Qxd8 21. Rxd8+ Kh7 22. Nxf7 Nd5 23. Bxd5 exd5 24. Nd6 b5 25. Rxc8 Rxc8 26. Nxc8
Kg6 27. Ne7+ Kf6 28. Nxd5+ 1-0

[Event "IV Trofeo Giovanni Pico"]
[Site "Mirandola ITA"]
[Date "2011.01.16"]
[Round "5"]
[White "Porpora, Ivano"]
[Black "Scali, Fausto"]
[Result "0-1"]
[WhiteElo "1884"]
[BlackElo "1963"]
[PlyCount "57"]
[EventDate "2011.01.14"]

1. e4 c5 2. Nf3 e6 3. d4 cxd4 4. Nxd4 a6 5. Nc3 Qc7 6. Bd3 Nf6 7. Be2 Bb4 8. f3
d5 9. Bg5 e5 10. Bxf6 gxf6 11. Nf5 Bxf5 12. exf5 d4 13. a3 Ba5 14. O-O dxc3 15.
bxc3 Qxc3 16. Qd6 Qd4+ 17. Qxd4 exd4 18. Rab1 b5 19. Bd3 Nc6 20. Be4 Rc8 21. a4
b4 22. Rbd1 O-O 23. f4 Bb6 24. Bd3 b3 25. cxb3 Nb4 26. Kh1 Nxd3 27. Rxd3 Rc3
28. Rfd1 Rfc8 29. h4 0-1

[Event "IV Trofeo Giovanni Pico"]
[Site "Mirandola ITA"]
[Date "2011.01.16"]
[Round "5"]
[White "Rosmini, Edward"]
[Black "Malago', Federico"]
[Result "1-0"]
[WhiteElo "1873"]
[BlackElo "1960"]
[PlyCount "91"]
[EventDate "2011.01.14"]

1. d4 e6 2. c4 f5 3. Nc3 Nf6 4. Bg5 Bb4 5. e3 c6 6. Bd3 O-O 7. Nge2 Qe8 8. Bxf6
Rxf6 9. Qb3 Ba5 10. O-O-O Bc7 11. f4 d5 12. h3 a6 13. c5 Nd7 14. g4 Rb8 15. Qc2
b5 16. Ng3 g6 17. Rdg1 Kh8 18. g5 Rf7 19. h4 Nf8 20. h5 Bd8 21. hxg6 Nxg6 22.
Rh6 Rbb7 23. Rgh1 Kg8 24. Qh2 Rfc7 25. Be2 Rg7 26. Nh5 Rgc7 27. Nf6+ Bxf6 28.
gxf6 Qf7 29. Rxg6+ Qxg6 30. Rg1 Rf7 31. Bh5 Rxf6 32. Bxg6 Rxg6 33. Rxg6+ hxg6
34. Qh4 Rf7 35. Ne2 a5 36. Ng1 Kg7 37. Nf3 Rf8 38. Ne5 Rf6 39. Nxc6 a4 40. a3
Bd7 41. Ne5 Bc8 42. Qe1 Rf8 43. Qa5 Kh6 44. Qc7 Rg8 45. Qf7 Rg7 46. Qf8 1-0

[Event "IV Trofeo Giovanni Pico"]
[Site "Mirandola ITA"]
[Date "2011.01.16"]
[Round "5"]
[White "Baroni, Alessandro"]
[Black "Setti, Roberto"]
[Result "1/2-1/2"]
[WhiteElo "1847"]
[BlackElo "1939"]
[PlyCount "88"]
[EventDate "2011.01.14"]

1. e4 e6 2. d4 d5 3. exd5 exd5 4. Nf3 Nf6 5. Bd3 Bd6 6. Bg5 O-O 7. O-O Bg4 8.
Nbd2 Nbd7 9. c3 c6 10. Qc2 Qc7 11. Rfe1 Rfe8 12. Bf5 Bh5 13. Rad1 b5 14. a4 b4
15. c4 h6 16. Be3 Ng4 17. h3 Nxe3 18. Rxe3 Rxe3 19. fxe3 dxc4 20. g4 Bg6 21.
Bxg6 fxg6 22. Nxc4 Rf8 23. Rf1 g5 24. Qg6 Be7 25. Nfe5 Rxf1+ 26. Kxf1 Nxe5 27.
Nxe5 Bf6 28. Qe8+ Kh7 29. Qxc6 Bxe5 30. Qe4+ Kh8 31. dxe5 Qc1+ 32. Ke2 Qxb2+
33. Kf3 b3 34. e6 Qf6+ 35. Kg3 b2 36. e7 Qxe7 37. Qxe7 b1=Q 38. Qf8+ Kh7 39.
Qf5+ Qxf5 40. gxf5 h5 41. e4 Kg8 42. e5 Kf7 43. a5 a6 44. Kf3 Ke7 1/2-1/2

[Event "IV Trofeo Giovanni Pico"]
[Site "Mirandola ITA"]
[Date "2011.01.16"]
[Round "5"]
[White "Gurschler, Gregor"]
[Black "Solinas, Roberto"]
[Result "1-0"]
[WhiteElo "1930"]
[BlackElo "1740"]
[PlyCount "63"]
[EventDate "2011.01.14"]

1. e4 c6 2. Nc3 d5 3. Nf3 Bg4 4. Be2 Nf6 5. e5 Nfd7 6. d4 e6 7. Ng5 Bxe2 8.
Nxe2 Be7 9. Nf3 c5 10. c3 Nc6 11. O-O O-O 12. Qd3 cxd4 13. cxd4 f6 14. Nf4 Nb4
15. Qb3 Qb6 16. a3 fxe5 17. dxe5 Qa6 18. Bd2 Nc6 19. Nxe6 Ndxe5 20. Nxf8 Kxf8
21. Nxe5 Nxe5 22. Qxd5 Nd3 23. Bc3 Rd8 24. Qf5+ Kg8 25. Rad1 Qc4 26. Rd2 g6 27.
Qf3 Bg5 28. Qxb7 Qf7 29. Qxf7+ Kxf7 30. f4 Be7 31. Rfd1 Bc5+ 32. Kf1 1-0

[Event "IV Trofeo Giovanni Pico"]
[Site "Mirandola ITA"]
[Date "2011.01.16"]
[Round "5"]
[White "Coqueraut, Jean Dominique"]
[Black "Franco, Alessandro P."]
[Result "0-1"]
[WhiteElo "1815"]
[BlackElo "1925"]
[PlyCount "126"]
[EventDate "2011.01.14"]

1. d4 e6 2. e4 d5 3. Nc3 Bb4 4. e5 c5 5. Qg4 Ne7 6. Bg5 Nbc6 7. Bxe7 Nxe7 8.
Bb5+ Bd7 9. Bxd7+ Kxd7 10. a3 Qa5 11. Nge2 Nf5 12. O-O Bxc3 13. bxc3 h5 14. Qf4
c4 15. a4 h4 16. Rfb1 Qc7 17. Rb5 b6 18. Rab1 Rab8 19. Rxd5+ exd5 20. Qxf5+ Kc6
21. Nf4 Qd7 22. Qg5 f6 23. exf6 gxf6 24. Qxf6+ Qd6 25. Qxd6+ Kxd6 26. Rb5 Rbe8
27. Kf1 Re4 28. Nxd5 a6 29. Nf6 axb5 30. Nxe4+ Kd5 31. Nd2 bxa4 32. Nb1 Re8 33.
f3 b5 34. Kf2 Ra8 35. Na3 b4 36. cxb4 Kxd4 37. Nb5+ Ke5 38. Na3 c3 39. Ke3 Rd8
40. g4 Rd1 41. Nb5 Rh1 42. f4+ Ke6 43. Kd3 Rxh2 44. Kxc3 Rg2 45. Nd4+ Kf7 46.
b5 h3 47. b6 Rxg4 48. b7 Rg8 49. Nf3 Kf6 50. Kb4 Kf5 51. Kxa4 Kxf4 52. Nd4 h2
53. Kb5 h1=Q 54. Kb6 Ke4 55. Nb5 Qb1 56. c4 Kd3 57. Kc5 Rg5+ 58. Kc6 Qh1+ 59.
Kb6 Rg8 60. c5 Qb1 61. c6 Kc4 62. Kc7 Qxb5 63. Kd7 Kc5 0-1